000 00719nam a2200229Ia 4500
999 _c36840
_d36840
003 GCL
005 20240530103112.0
008 140319s9999 xx 000 0 ara d
040 _aGCL /
_cGCL
082 0 4 _a155.633
_bم س
100 1 _aمديحة منصور سليم الدسوقى
245 1 0 _aسيكولوجية المرأة /
_cمديحة منصور سليم الدسوقى
260 _a[S.N] :
_bدار النهضة العربية ،
_c1993
300 _a143 ص
490 _aدراسات وبحوث
_v0
650 0 4 _aالمرأة
650 0 4 _aعلم النفس
650 0 4 _aالعلاقات الاسرية
650 0 4 _aالسلوك
650 0 4 _aالاباء والابناء
942 _2ddc
_cBK